El Congreso Grancolombiano de Historia 1821-1971 / (Registro nro. 6285)

Detalles MARC
000 -LEADER
fixed length control field 00924nam a2200205Ia 4500
003 - CONTROL NUMBER IDENTIFIER
control field OSt
005 - DATE AND TIME OF LATEST TRANSACTION
control field 20201019145047.0
008 - FIXED-LENGTH DATA ELEMENTS--GENERAL INFORMATION
fixed length control field 191128s1972 ck ao gr 000 0 spa d
040 ## - CATALOGING SOURCE
Original cataloging agency CO-JMCR
Transcribing agency CO-JMCR
041 0# - LANGUAGE CODE
Language code of text/sound track or separate title spa
082 04 - DEWEY DECIMAL CLASSIFICATION NUMBER
Classification number 986.1062 /
Item number C749c
Edition number 23
110 1# - MAIN ENTRY--CORPORATE NAME
Corporate name or jurisdiction name as entry element Colombia.
Subordinate unit Congreso Grancolombiano de Historia
9 (RLIN) 11690
245 13 - TITLE STATEMENT
Title El Congreso Grancolombiano de Historia 1821-1971 /
260 ## - PUBLICATION, DISTRIBUTION, ETC.
Place of publication, distribution, etc. Bogotá :
Name of publisher, distributor, etc. Editorial Kelly,
Date of publication, distribution, etc. 1972
300 ## - PHYSICAL DESCRIPTION
Extent 606 páginas :
Other physical details fotografías a blanco y negro ;
Dimensions 24 cm.
490 0# - SERIES STATEMENT
Series statement Biblioteca de historia nacional ;
Volume/sequential designation 115
505 3# - FORMATTED CONTENTS NOTE
Formatted contents note Alocución del Señor Presidente de la República, doctor Misael Pastrana Borrero, en el Templo del Rosario, el día 3 de octubre de 1971 -- Homilía pronunciada por Monseñor Pedro Rubiano Sáenz, Obispo de Cúcuta, en el Templo del Rosario el día 3 de octubre
650 14 - SUBJECT ADDED ENTRY--TOPICAL TERM
Topical term or geographic name entry element Historia del congreso de Cucúta
9 (RLIN) 11100
942 ## - ADDED ENTRY ELEMENTS (KOHA)
Source of classification or shelving scheme Dewey Decimal Classification
Koha item type Books
Existencias
Withdrawn status Lost status Source of classification or shelving scheme Damaged status Not for loan Collection code Home library Current library Date acquired Source of acquisition Total Checkouts Full call number Barcode Date last seen Date last checked out Copy number Koha item type Public note
    Dewey Decimal Classification     Non-fiction Biblioteca Pública José María del Castillo y Rada Biblioteca Pública José María del Castillo y Rada 04/15/2018 Donación 2 986.1062 / C749c 430012316 05/16/2024 03/18/2022 Ej.1 Books Exlibris: gran sello de Colombia, retrato con rubrica.